The world of galaxies (Record no. 9760)

MARC details
000 -LEADER
fixed length control field 00856nam a2200205Ia 4500
003 - CONTROL NUMBER IDENTIFIER
control field IN-BaIIA
008 - FIXED-LENGTH DATA ELEMENTS--GENERAL INFORMATION
fixed length control field 211028s9999 xx 000 0 eng d
020 ## - INTERNATIONAL STANDARD BOOK NUMBER
International Standard Book Number 0-387-97083-5
040 ## - CATALOGING SOURCE
Transcribing agency IIA Library
080 ## - UNIVERSAL DECIMAL CLASSIFICATION NUMBER
Universal Decimal Classification number 524.72(082.2)
Item number THE
111 ## - MAIN ENTRY--MEETING NAME
Meeting name or jurisdiction name as entry element Conference on "Le Monde des Galaxies"
Location of meeting Institut d'Astrophysique de Paris, Paris
Date of meeting or treaty signing 1988 Apr. 12-14
9 (RLIN) 16524
245 #4 - TITLE STATEMENT
Title The world of galaxies
Remainder of title proceedings of the conference on "Le Monde des Galaxies", held in Institut d'Astrophysique de Paris, Paris, 12-14 April 1988
Statement of responsibility, etc. edited by Harold G. Corwin and Lucette Bottinelli
260 ## - PUBLICATION, DISTRIBUTION, ETC.
Place of publication, distribution, etc. New York
Name of publisher, distributor, etc. Springer-Verlag
Date of publication, distribution, etc. 1989
300 ## - PHYSICAL DESCRIPTION
Extent xxvi, 570p.
650 ## - SUBJECT ADDED ENTRY--TOPICAL TERM
Topical term or geographic name entry element Astronomy and astrophysics thesaurus
650 ## - SUBJECT ADDED ENTRY--TOPICAL TERM
Topical term or geographic name entry element Galaxies
9 (RLIN) 1286
650 ## - SUBJECT ADDED ENTRY--TOPICAL TERM
Topical term or geographic name entry element Galaxy
9 (RLIN) 3368
700 ## - ADDED ENTRY--PERSONAL NAME
Personal name Bottinelli, Lucette, ed.
9 (RLIN) 16525
942 ## - ADDED ENTRY ELEMENTS (KOHA)
Koha item type Books
Holdings
Withdrawn status Lost status Damaged status Not for loan Home library Current library Shelving location Date acquired Total Checkouts Full call number Barcode Date last seen Price effective from Koha item type
        IIA Library-Bangalore IIA Library-Bangalore General Stacks     524.72(082.2)/ THE 10670 05/11/2021   Books

Powered by Koha